| 000 | 01714nam a22002537a 4500 | ||
|---|---|---|---|
| 005 | 20120123113245.0 | ||
| 010 | _aB-445674-678 | ||
| 020 |
_a9788178242545 _c195.00 |
||
| 035 | _aB-445674-678 | ||
| 037 |
_adpl _bPub |
||
| 082 | _a301.153 | ||
| 100 |
_aAzad, Nehru Prasad _940615 |
||
| 245 |
_aGandhi is gone: _bwho will guide us now ? / _cby Nehru Prasad, Azad, Vinoba, Kripalani, JP, and others introspect; edited by Gopalkrishna Gandhi |
||
| 260 |
_aRanikhet _bPermanent Black _c2011 |
||
| 270 |
_aHimalayana, Mall Road, Ranikhet Cantt _bRanikhet _e263645 _mEmail:perblack@gmail.com |
||
| 300 |
_a192p. _c21cm(pbk) |
||
| 942 |
_2ddc _cEN _mAZA _h301.153 |
||
| 999 |
_c61349 _d61349 |
||